Πολιτισμική ιστορία Pascal Ory ; μετάφραση Α.-Μ. Καραστάθη.

Saved in:
Bibliographic Details
Main Author: Ory, Pascal
Other Authors: Καραστάθη, Αναστασία Μαρία Γ. (trlf)
Format: Book
Language:Greek
French
Published: Αθήνα : Καρδαμίτσα, 2007.
Series:Τί ξέρω = Que sais-je? (Καρδαμίτσα)
Subjects:
Tags: Add Tag
No Tags, Be the first to tag this record!

MARC

LEADER 00000cam a2200000 a 4500
001 1/123073
008 210528s2007####gr ||||||| |||| ||gre||
020 |a 9789603542179 
040 |a GR-MyUa  |b gre  |c GR-MyUa  |e AACR2 
041 1 |a gre  |h fre 
082 7 |a 901  |2 (23) 
100 1 |a Ory, Pascal. 
245 1 0 |a Πολιτισμική ιστορία /   |b Pascal Ory ; μετάφραση Α.-Μ. Καραστάθη.  
260 |a Αθήνα :   |b Καρδαμίτσα,   |c 2007.  
300 |a 198 σ. ;   |b 17 εκ.  
490 1 |a Τι ξέρω; =   |x Que sais-je?  
500 |a Μετάφραση του: L'histoire culturelle.  
504 |a Περιλαμβάνει βιβλιογραφικές παραπομπές.  
650 0 |a History  |x Methodology. 
650 0 |a History  |x Philosophy. 
650 0 |a Culture  |x History. 
700 1 |a Καραστάθη, Αναστασία Μαρία Γ.  |e trlf 
830 0 |a Τί ξέρω = Que sais-je? (Καρδαμίτσα) 
852 |a INST  |b LESVOS  |c EUDOXUS  |e 20210528  |h 901 ORY  |p 005100063296  |q 005100063296  |t EDX  |y 0 
920 |a Εύδοξος  |b Παραγγελία  |y Λέσβος-ΤΠΤΕ  |z 2021-05 
970 |a Καμάτσου  |b Δέσποινα  |z 28-05-2021